000 00554nam a2200193 i 4500
001 141562
003 ES-MaACL
005 20250716063306.0
007 t|
008 070925s1932 fr ||||1| fre d
100 0 _aVoltaire,
_d1694-1778
_9115721
245 1 0 _aRomans et contes /
_cVoltaire ; texte etabli et annoté par René Groos.
260 _aParis :
_bPléyade,
_c[1932]
300 _aV, 704 p. ;
_c18 cm.
700 1 _aGroos, René.
_960137
852 _aES-MaACL
_jA-2899
852 _aES-MaACL
_jB-8425
999 _c141562
_d141562